Normal view
MARC view
- Khan, Rabia
Entry Personal Name
001 - CONTROL NUMBER
- control field: 15088
003 - CONTROL NUMBER IDENTIFIER
- control field: NUST
005 - DATE AND TIME OF LATEST TRANSACTION
- control field: 20190619104724.0
008 - FIXED-LENGTH DATA ELEMENTS
- fixed length control field: 190619|| aca||aabn | a|a d
040 ## - CATALOGING SOURCE
- Original cataloging agency: NUST
- Transcribing agency: NUST
100 ## - HEADING--PERSONAL NAME
- Personal name: Khan, Rabia
670 ## - SOURCE DATA FOUND
- Source citation: Work cat.: (NUST): Khan, Rabia, Sahwain Sool Basera /, 2007.
